000 00299nam a22001337a 4500
008 171018b xxu||||| |||| 00| 0 eng d
020 _a9780201441956
041 _aeng
080 _a338
100 _a53
101 _aMEN
245 _aFAD SURFING IN THE BOARDROOM
_cSHAPIRO,E.C
942 _2udc
_cBK
999 _c34790
_d34790